[Event "DEM U16 2025"]
[Site "Willingen GER"]
[Date "2025.06.12"]
[Round "7"]
[White "Sauer, Tim"]
[Black "Korchynskyi, Mykola"]
[Result "0-1"]
[Termination "normal"]
[Board "2"]
[BlackTitle "FM"]
[WhiteElo "2181"]
[BlackElo "2335"]
[WhiteClock "00:26:20"]
[BlackClock "00:29:04"]
[PlyCount "94"]
[WhiteFideId "16265726"]
[BlackFideId "34138005"]
[EventCountry "GER"]
[EventRounds "9"]
[EventType "swiss"]
[EventDate "2025.06.07"]

1. d4 {[%clk 01:30:56]} {[%emt 00:00:03]} Nf6 {[%clk 01:30:45]} {[%emt
00:00:15]} 2. c4 {[%clk 01:31:15]} {[%emt 00:00:11]} e6 {[%clk 01:31:11]}
{[%emt 00:00:04]} 3. Nf3 {[%clk 01:31:41]} {[%emt 00:00:04]} Bb4+ {[%clk
01:31:37]} {[%emt 00:00:04]} 4. Nbd2 {[%clk 01:32:02]} {[%emt 00:00:09]} O-O
{[%clk 01:32:01]} {[%emt 00:00:06]} 5. a3 {[%clk 01:32:25]} {[%emt 00:00:07]}
Be7 {[%clk 01:32:27]} {[%emt 00:00:03]} 6. e4 {[%clk 01:29:14]} {[%emt
00:03:41]} d6 {[%clk 01:32:55]} {[%emt 00:00:03]} 7. Bd3 {[%clk 01:17:19]}
{[%emt 00:12:25]} e5 {[%clk 01:32:01]} {[%emt 00:01:23]} 8. dxe5 {[%clk
01:05:37]} {[%emt 00:12:13]} dxe5 {[%clk 01:27:55]} {[%emt 00:04:36]} 9. Nxe5
{[%clk 01:00:10]} {[%emt 00:05:56]} Re8 {[%clk 01:22:53]} {[%emt 00:05:32]} 10.
Qc2 {[%clk 00:45:18]} {[%emt 00:15:23]} Nh5 {[%clk 00:45:00]} {[%emt 00:38:23]}
11. Nef3 {[%clk 00:01:38]} {[%emt 00:44:10]} Nf4 {[%clk 00:42:09]} {[%emt
00:03:21]} 12. Bf1 {[%clk 00:02:02]} {[%emt 00:00:06]} f5 {[%clk 00:40:36]}
{[%emt 00:02:03]} 13. e5 {[%clk 00:01:15]} {[%emt 00:01:17]} Nc6 {[%clk
00:38:47]} {[%emt 00:02:19]} 14. g3 {[%clk 00:01:16]} {[%emt 00:00:29]} Ng6
{[%clk 00:33:17]} {[%emt 00:06:00]} 15. Bg2 {[%emt 00:02:07]} Ngxe5 {[%clk
00:31:39]} {[%emt 00:00:08]} 16. Nxe5 {[%clk 00:01:29]} {[%emt 00:00:40]} Nxe5
{[%clk 00:31:51]} {[%emt 00:00:18]} 17. O-O {[%clk 00:01:12]} {[%emt 00:00:46]}
Qd3 {[%clk 00:30:37]} {[%emt 00:01:44]} 18. Qxd3 {[%clk 00:00:50]} {[%emt
00:00:53]} Nxd3 {[%clk 00:30:54]} {[%emt 00:00:12]} 19. Nf3 {[%clk 00:00:50]}
{[%emt 00:00:30]} Bf6 {[%clk 00:29:06]} {[%emt 00:02:19]} 20. Rb1 {[%clk
00:00:34]} {[%emt 00:00:46]} Be6 {[%clk 00:17:30]} {[%emt 00:12:06]} 21. b3
{[%clk 00:00:36]} {[%emt 00:00:28]} Nxc1 {[%clk 00:17:39]} {[%emt 00:00:21]}
22. Rfxc1 {[%clk 00:00:44]} {[%emt 00:00:21]} c6 {[%clk 00:17:20]} {[%emt
00:00:49]} 23. Re1 {[%clk 00:00:40]} {[%emt 00:00:33]} Bf7 {[%clk 00:17:32]}
{[%emt 00:00:19]} 24. Kf1 {[%clk 00:00:35]} {[%emt 00:00:36]} g5 {[%clk
00:15:35]} {[%emt 00:02:27]} 25. Rxe8+ {[%clk 00:00:36]} {[%emt 00:00:29]} Rxe8
{[%clk 00:15:59]} {[%emt 00:00:05]} 26. Re1 {[%clk 00:00:34]} {[%emt 00:00:32]}
Rd8 {[%clk 00:10:39]} {[%emt 00:05:51]} 27. Ke2 {[%clk 00:00:35]} {[%emt
00:00:29]} b5 {[%clk 00:06:56]} {[%emt 00:04:13]} 28. Nd2 {[%clk 00:00:34]}
{[%emt 00:00:30]} Bc3 {[%clk 00:05:58]} {[%emt 00:01:28]} 29. Rd1 {[%clk
00:00:36]} {[%emt 00:00:28]} Bh5+ {[%clk 00:04:48]} {[%emt 00:01:40]} 30. f3
{[%clk 00:00:36]} {[%emt 00:00:30]} Bf7 {[%clk 00:03:38]} {[%emt 00:01:41]} 31.
Nb1 {[%clk 00:00:34]} {[%emt 00:00:32]} Bd4 {[%clk 00:03:13]} {[%emt 00:00:55]}
32. Rc1 {[%clk 00:00:34]} {[%emt 00:00:30]} Re8+ {[%clk 00:02:16]} {[%emt
00:01:26]} 33. Kd3 {[%clk 00:00:33]} {[%emt 00:00:31]} c5 {[%clk 00:02:29]}
{[%emt 00:00:18]} 34. Nd2 {[%clk 00:00:35]} {[%emt 00:00:27]} Re3+ {[%clk
00:02:39]} {[%emt 00:00:19]} 35. Kc2 {[%clk 00:01:02]} {[%emt 00:00:04]} bxc4
{[%clk 00:02:36]} {[%emt 00:00:33]} 36. bxc4 {[%clk 00:01:02]} {[%emt
00:00:31]} Rxa3 {[%clk 00:02:30]} {[%emt 00:00:36]} 37. Rb1 {[%clk 00:00:36]}
{[%emt 00:00:56]} f4 {[%clk 00:01:50]} {[%emt 00:01:09]} 38. Rb8+ {[%clk
00:00:47]} {[%emt 00:00:20]} Kg7 {[%clk 00:02:16]} {[%emt 00:00:03]} 39. Bh3
{[%clk 00:00:33]} {[%emt 00:00:43]} Bg6+ {[%clk 00:01:48]} {[%emt 00:00:58]}
40. Kd1 {[%clk 00:00:34]} {[%emt 00:00:29]} Ra1+ {[%clk 00:00:37]} {[%emt
00:01:42]} 41. Ke2 {[%clk 00:00:51]} {[%emt 00:00:12]} Rh1 {[%clk 00:29:54]}
{[%emt 00:01:04]} 42. Rb7+ {[%clk 00:30:11]} {[%emt 00:01:20]} Kf6 {[%clk
00:28:47]} {[%emt 00:01:36]} 43. Nf1 {[%clk 00:28:51]} {[%emt 00:01:50]} fxg3
{[%clk 00:29:09]} {[%emt 00:00:09]} 44. Rxa7 {[%clk 00:28:41]} {[%emt
00:00:40]} gxh2 {[%clk 00:28:53]} {[%emt 00:00:46]} 45. Ra6+ {[%clk 00:28:27]}
{[%emt 00:00:43]} Ke7 {[%clk 00:28:49]} {[%emt 00:00:32]} 46. Ra7+ {[%clk
00:28:33]} {[%emt 00:00:26]} Kd6 {[%clk 00:28:44]} {[%emt 00:00:28]} 47. Ra2
{[%clk 00:26:20]} {[%emt 00:02:51]} Rxf1 {[%clk 00:29:04]} {[%emt 00:00:09]}
0-1

[Event "DEM U16 2025"]
[Site "Willingen GER"]
[Date "2025.06.12"]
[Round "7"]
[White "Schuricht, Emil Frederick"]
[Black "Nuñez Grégoire, Daniel"]
[Result "0-1"]
[Termination "normal"]
[Board "3"]
[WhiteTitle "FM"]
[WhiteElo "2328"]
[BlackElo "2167"]
[WhiteClock "00:05:55"]
[BlackClock "00:13:47"]
[PlyCount "159"]
[WhiteFideId "16270185"]
[BlackFideId "34627103"]
[EventCountry "GER"]
[EventRounds "9"]
[EventType "swiss"]
[EventDate "2025.06.07"]

1. d4 {[%clk 01:30:53]} {[%emt 00:00:06]} d5 {[%clk 01:30:55]} {[%emt
00:00:06]} 2. c4 {[%clk 01:31:17]} {[%emt 00:00:05]} e6 {[%clk 01:31:22]}
{[%emt 00:00:04]} 3. Nc3 {[%clk 01:31:41]} {[%emt 00:00:06]} Nf6 {[%clk
01:31:48]} {[%emt 00:00:04]} 4. Nf3 {[%clk 01:32:01]} {[%emt 00:00:10]} c6
{[%clk 01:32:14]} {[%emt 00:00:05]} 5. e3 {[%clk 01:32:07]} {[%emt 00:00:23]}
Bd6 {[%clk 01:32:25]} {[%emt 00:00:20]} 6. Be2 {[%clk 01:28:56]} {[%emt
00:03:39]} Ne4 {[%clk 01:30:38]} {[%emt 00:02:17]} 7. Nxe4 {[%clk 01:17:29]}
{[%emt 00:11:57]} dxe4 {[%clk 01:30:11]} {[%emt 00:00:57]} 8. Nd2 {[%clk
01:17:51]} {[%emt 00:00:08]} f5 {[%clk 01:30:11]} {[%emt 00:00:31]} 9. b3
{[%clk 01:12:28]} {[%emt 00:05:52]} Nd7 {[%clk 01:28:16]} {[%emt 00:02:24]} 10.
c5 {[%clk 01:00:42]} {[%emt 00:12:17]} Bc7 {[%clk 01:26:10]} {[%emt 00:02:36]}
11. Nc4 {[%clk 00:58:23]} {[%emt 00:02:49]} O-O {[%clk 01:22:30]} {[%emt
00:04:09]} 12. Ba3 {[%clk 00:54:53]} {[%emt 00:04:00]} Qg5 {[%clk 01:16:12]}
{[%emt 00:06:48]} 13. g3 {[%clk 00:53:57]} {[%emt 00:01:26]} Nf6 {[%clk
01:14:44]} {[%emt 00:01:58]} 14. Qc2 {[%clk 00:51:18]} {[%emt 00:03:10]} Bd7
{[%clk 01:11:09]} {[%emt 00:04:05]} 15. O-O-O {[%clk 00:49:31]} {[%emt
00:02:17]} Rfc8 {[%clk 01:05:36]} {[%emt 00:06:03]} 16. Kb1 {[%clk 00:43:04]}
{[%emt 00:06:58]} b5 {[%clk 01:02:04]} {[%emt 00:04:02]} 17. cxb6 {[%clk
00:43:16]} {[%emt 00:00:18]} axb6 {[%clk 01:01:27]} {[%emt 00:01:07]} 18. Be7
{[%clk 00:40:27]} {[%emt 00:03:19]} Re8 {[%clk 00:47:05]} {[%emt 00:14:52]} 19.
Bxf6 {[%clk 00:37:33]} {[%emt 00:03:24]} gxf6 {[%clk 00:46:39]} {[%emt
00:00:56]} 20. h4 {[%clk 00:28:52]} {[%emt 00:09:11]} Qg7 {[%clk 00:44:57]}
{[%emt 00:02:11]} 21. g4 {[%clk 00:26:12]} {[%emt 00:03:11]} Kh8 {[%clk
00:43:17]} {[%emt 00:02:10]} 22. g5 {[%clk 00:21:12]} {[%emt 00:05:58]} Re7
{[%clk 00:34:34]} {[%emt 00:09:45]} 23. Qc3 {[%clk 00:16:48]} {[%emt 00:04:54]}
fxg5 {[%clk 00:27:24]} {[%emt 00:07:40]} 24. hxg5 {[%clk 00:16:10]} {[%emt
00:01:08]} Qxg5 {[%clk 00:26:07]} {[%emt 00:01:47]} 25. Rh5 {[%clk 00:11:56]}
{[%emt 00:04:44]} Qf6 {[%clk 00:22:46]} {[%emt 00:03:51]} 26. Rdh1 {[%clk
00:12:07]} {[%emt 00:00:19]} Rg8 {[%clk 00:21:19]} {[%emt 00:01:58]} 27. Ne5
{[%clk 00:11:47]} {[%emt 00:00:49]} Bxe5 {[%clk 00:20:22]} {[%emt 00:01:27]}
28. dxe5 {[%clk 00:12:12]} {[%emt 00:00:05]} Qf8 {[%clk 00:18:59]} {[%emt
00:01:52]} 29. Qd4 {[%clk 00:10:53]} {[%emt 00:01:49]} b5 {[%clk 00:16:59]}
{[%emt 00:02:31]} 30. f3 {[%clk 00:06:54]} {[%emt 00:04:29]} exf3 {[%clk
00:16:14]} {[%emt 00:01:15]} 31. Bxf3 {[%clk 00:06:53]} {[%emt 00:00:31]} Reg7
{[%clk 00:15:21]} {[%emt 00:01:23]} 32. Kb2 {[%clk 00:06:04]} {[%emt 00:01:19]}
c5 {[%clk 00:14:32]} {[%emt 00:01:19]} 33. Qh4 {[%clk 00:06:27]} {[%emt
00:00:06]} Qf7 {[%clk 00:13:53]} {[%emt 00:01:09]} 34. Rh6 {[%clk 00:06:06]}
{[%emt 00:00:52]} Be8 {[%clk 00:11:50]} {[%emt 00:02:33]} 35. e4 {[%clk
00:04:09]} {[%emt 00:02:27]} Qd7 {[%clk 00:07:36]} {[%emt 00:04:43]} 36. Rd1
{[%clk 00:01:32]} {[%emt 00:03:07]} Qe7 {[%clk 00:05:35]} {[%emt 00:02:32]} 37.
Qf6 {[%clk 00:01:01]} {[%emt 00:01:01]} Qxf6 {[%clk 00:04:53]} {[%emt
00:01:12]} 38. exf6 {[%clk 00:01:30]} {[%emt 00:00:01]} Rg3 {[%clk 00:04:49]}
{[%emt 00:00:34]} 39. Rdh1 {[%clk 00:00:54]} {[%emt 00:01:05]} Bg6 {[%clk
00:04:34]} {[%emt 00:00:45]} 40. exf5 {[%clk 00:01:09]} {[%emt 00:00:15]} Bxf5
{[%clk 00:02:47]} {[%emt 00:02:17]} 41. Bc6 {[%clk 00:26:44]} {[%emt 00:04:55]}
c4 {[%clk 00:28:11]} {[%emt 00:05:07]} 42. f7 {[%clk 00:20:39]} {[%emt
00:06:35]} Rf8 {[%clk 00:21:13]} {[%emt 00:07:28]} 43. Be8 {[%clk 00:20:27]}
{[%emt 00:00:41]} cxb3 {[%clk 00:17:04]} {[%emt 00:04:39]} 44. axb3 {[%clk
00:20:50]} {[%emt 00:00:07]} b4 {[%clk 00:16:22]} {[%emt 00:01:11]} 45. R1h2
{[%clk 00:14:12]} {[%emt 00:07:08]} Bg6 {[%clk 00:15:20]} {[%emt 00:01:32]} 46.
R6h4 {[%clk 00:13:01]} {[%emt 00:01:41]} e5 {[%clk 00:13:58]} {[%emt 00:01:53]}
47. Rxb4 {[%clk 00:12:34]} {[%emt 00:00:57]} Bxf7 {[%clk 00:13:59]} {[%emt
00:00:28]} 48. Bxf7 {[%clk 00:12:24]} {[%emt 00:00:41]} Rxf7 {[%clk 00:14:28]}
{[%emt 00:00:01]} 49. Rb8+ {[%clk 00:08:17]} {[%emt 00:04:37]} Kg7 {[%clk
00:13:39]} {[%emt 00:01:18]} 50. Re8 {[%clk 00:08:40]} {[%emt 00:00:07]} Rb7
{[%clk 00:13:12]} {[%emt 00:00:57]} 51. Rxe5 {[%clk 00:08:27]} {[%emt
00:00:44]} Rgxb3+ {[%clk 00:13:20]} {[%emt 00:00:22]} 52. Ka2 {[%clk 00:08:25]}
{[%emt 00:00:31]} R3b5 {[%clk 00:13:12]} {[%emt 00:00:37]} 53. Rxb5 {[%clk
00:07:06]} {[%emt 00:01:50]} Rxb5 {[%clk 00:13:38]} {[%emt 00:00:05]} 54. Ka3
{[%clk 00:07:01]} {[%emt 00:00:35]} Kg6 {[%clk 00:13:46]} {[%emt 00:00:22]} 55.
Ka4 {[%clk 00:06:43]} {[%emt 00:00:48]} Rb7 {[%clk 00:13:56]} {[%emt 00:00:19]}
56. Rh1 {[%clk 00:05:44]} {[%emt 00:01:30]} h5 {[%clk 00:14:10]} {[%emt
00:00:15]} 57. Ka5 {[%clk 00:03:35]} {[%emt 00:02:40]} Kg5 {[%clk 00:14:24]}
{[%emt 00:00:16]} 58. Ka6 {[%clk 00:03:18]} {[%emt 00:00:48]} Rb8 {[%clk
00:14:42]} {[%emt 00:00:11]} 59. Ka7 {[%clk 00:03:06]} {[%emt 00:00:43]} Rb2
{[%clk 00:14:45]} {[%emt 00:00:26]} 60. Rg1+ {[%clk 00:03:09]} {[%emt
00:00:28]} Kf4 {[%clk 00:14:45]} {[%emt 00:00:28]} 61. Rh1 {[%clk 00:03:31]}
{[%emt 00:00:09]} Kg4 {[%clk 00:14:19]} {[%emt 00:00:56]} 62. Rg1+ {[%clk
00:03:55]} {[%emt 00:00:06]} Kf3 {[%clk 00:14:11]} {[%emt 00:00:38]} 63. Rh1
{[%clk 00:04:14]} {[%emt 00:00:12]} Rb5 {[%clk 00:14:10]} {[%emt 00:00:30]} 64.
Ka6 {[%clk 00:04:30]} {[%emt 00:00:14]} Rg5 {[%clk 00:14:10]} {[%emt 00:00:30]}
65. Kb6 {[%clk 00:04:55]} {[%emt 00:00:06]} Kg2 {[%clk 00:14:22]} {[%emt
00:00:17]} 66. Rh4 {[%clk 00:05:09]} {[%emt 00:00:16]} Kg3 {[%clk 00:14:02]}
{[%emt 00:00:51]} 67. Ra4 {[%clk 00:05:34]} {[%emt 00:00:05]} h4 {[%clk
00:13:36]} {[%emt 00:00:56]} 68. Ra3+ {[%clk 00:05:23]} {[%emt 00:00:41]} Kg4
{[%clk 00:13:35]} {[%emt 00:00:30]} 69. Ra4+ {[%clk 00:04:53]} {[%emt
00:01:01]} Kh5 {[%clk 00:13:30]} {[%emt 00:00:34]} 70. Ra8 {[%clk 00:04:29]}
{[%emt 00:00:54]} h3 {[%clk 00:13:42]} {[%emt 00:00:18]} 71. Kc6 {[%clk
00:04:54]} {[%emt 00:00:05]} Kh4 {[%clk 00:13:22]} {[%emt 00:00:50]} 72. Ra2
{[%clk 00:03:53]} {[%emt 00:01:31]} Rf5 {[%clk 00:12:17]} {[%emt 00:01:36]} 73.
Kd6 {[%clk 00:04:06]} {[%emt 00:00:17]} Kg3 {[%clk 00:12:11]} {[%emt 00:00:36]}
74. Ke6 {[%clk 00:04:31]} {[%emt 00:00:04]} Rf2 {[%clk 00:12:14]} {[%emt
00:00:27]} 75. Ra7 {[%clk 00:04:17]} {[%emt 00:00:44]} h2 {[%clk 00:12:24]}
{[%emt 00:00:20]} 76. Rh7 {[%clk 00:04:41]} {[%emt 00:00:05]} Kg2 {[%clk
00:12:42]} {[%emt 00:00:13]} 77. Rg7+ {[%clk 00:05:06]} {[%emt 00:00:05]} Kf1
{[%clk 00:13:04]} {[%emt 00:00:09]} 78. Rh7 {[%clk 00:05:30]} {[%emt 00:00:05]}
Kg1 {[%clk 00:13:25]} {[%emt 00:00:09]} 79. Rg7+ {[%clk 00:05:55]} {[%emt
00:00:04]} Rg2 {[%clk 00:13:47]} {[%emt 00:00:09]} 80. Ke5 {[%emt 00:01:18]}
0-1

[Event "DEM U16 2025"]
[Site "Willingen GER"]
[Date "2025.06.12"]
[Round "7"]
[White "Klaska, Philipp Leon"]
[Black "Mester, Philipp"]
[Result "1-0"]
[Termination "normal"]
[Board "4"]
[WhiteTitle "FM"]
[WhiteElo "2248"]
[BlackElo "2162"]
[WhiteClock "00:24:30"]
[BlackClock "00:19:24"]
[PlyCount "49"]
[WhiteFideId "16238044"]
[BlackFideId "34624902"]
[EventCountry "GER"]
[EventRounds "9"]
[EventType "swiss"]
[EventDate "2025.06.07"]

1. d4 {[%clk 01:30:52]} {[%emt 00:00:07]} f5 {[%clk 01:30:57]} {[%emt
00:00:04]} 2. e4 {[%clk 01:31:06]} {[%emt 00:00:16]} fxe4 {[%clk 01:31:22]}
{[%emt 00:00:04]} 3. Nc3 {[%clk 01:31:34]} {[%emt 00:00:03]} Nf6 {[%clk
01:31:47]} {[%emt 00:00:05]} 4. Bg5 {[%clk 01:31:59]} {[%emt 00:00:04]} g6
{[%clk 01:32:10]} {[%emt 00:00:08]} 5. h4 {[%clk 01:25:58]} {[%emt 00:06:53]}
d5 {[%clk 01:18:59]} {[%emt 00:14:18]} 6. h5 {[%clk 01:20:33]} {[%emt
00:06:22]} Bf5 {[%clk 01:13:16]} {[%emt 00:06:35]} 7. Nh3 {[%clk 01:06:07]}
{[%emt 00:15:44]} c6 {[%clk 00:57:58]} {[%emt 00:16:36]} 8. Nf4 {[%clk
01:01:53]} {[%emt 00:04:52]} Nxh5 {[%clk 00:54:08]} {[%emt 00:04:33]} 9. Rxh5
{[%clk 01:00:58]} {[%emt 00:01:28]} gxh5 {[%clk 00:36:27]} {[%emt 00:18:54]}
10. Qxh5+ {[%clk 01:01:11]} {[%emt 00:00:18]} Kd7 {[%clk 00:36:51]} {[%emt
00:00:06]} 11. Bh4 {[%clk 01:00:45]} {[%emt 00:00:58]} Qe8 {[%clk 00:35:05]}
{[%emt 00:02:22]} 12. Qxf5+ {[%clk 00:59:40]} {[%emt 00:01:40]} e6 {[%clk
00:34:27]} {[%emt 00:01:11]} 13. Qh3 {[%clk 00:43:52]} {[%emt 00:16:46]} Qf7
{[%clk 00:32:48]} {[%emt 00:02:15]} 14. g3 {[%clk 00:38:28]} {[%emt 00:06:14]}
Bd6 {[%clk 00:28:43]} {[%emt 00:04:45]} 15. Be2 {[%clk 00:37:33]} {[%emt
00:01:29]} Bxf4 {[%clk 00:24:59]} {[%emt 00:04:27]} 16. gxf4 {[%clk 00:37:57]}
{[%emt 00:00:06]} b5 {[%clk 00:22:09]} {[%emt 00:03:26]} 17. O-O-O {[%clk
00:36:04]} {[%emt 00:02:29]} Na6 {[%clk 00:20:14]} {[%emt 00:02:30]} 18. Nxd5
{[%clk 00:29:45]} {[%emt 00:07:02]} cxd5 {[%clk 00:18:42]} {[%emt 00:02:05]}
19. Bxb5+ {[%clk 00:30:10]} {[%emt 00:00:05]} Kd6 {[%clk 00:18:46]} {[%emt
00:00:27]} 20. Qa3+ {[%clk 00:25:48]} {[%emt 00:05:06]} Kc7 {[%clk 00:19:12]}
{[%emt 00:00:04]} 21. Qa5+ {[%clk 00:25:58]} {[%emt 00:00:22]} Kb8 {[%clk
00:19:12]} {[%emt 00:00:30]} 22. Qxa6 {[%clk 00:26:19]} {[%emt 00:00:10]} Rc8
{[%clk 00:18:52]} {[%emt 00:00:52]} 23. Bg3 {[%clk 00:26:19]} {[%emt 00:00:32]}
Qf5 {[%clk 00:18:59]} {[%emt 00:00:23]} 24. Qd6+ {[%clk 00:24:13]} {[%emt
00:02:44]} Rc7 {[%clk 00:19:24]} {[%emt 00:00:06]} 25. Ba6 {[%clk 00:24:30]}
{[%emt 00:00:14]} 1-0

[Event "DEM U16 2025"]
[Site "Willingen GER"]
[Date "2025.06.12"]
[Round "7"]
[White "Jahnz, Laurin"]
[Black "Zobel, Christian"]
[Result "1/2-1/2"]
[Termination "normal"]
[Board "5"]
[WhiteTitle "CM"]
[BlackTitle "CM"]
[WhiteElo "2221"]
[BlackElo "2158"]
[WhiteClock "00:27:47"]
[BlackClock "00:31:33"]
[PlyCount "52"]
[WhiteFideId "16261089"]
[BlackFideId "16259068"]
[EventCountry "GER"]
[EventRounds "9"]
[EventType "swiss"]
[EventDate "2025.06.07"]

1. e4 {[%clk 01:30:58]} {[%emt 00:00:02]} c6 {[%clk 01:30:37]} {[%emt
00:00:23]} 2. Nc3 {[%clk 01:31:25]} {[%emt 00:00:04]} d5 {[%clk 01:31:02]}
{[%emt 00:00:05]} 3. Nf3 {[%clk 01:31:52]} {[%emt 00:00:02]} dxe4 {[%clk
01:31:24]} {[%emt 00:00:09]} 4. Nxe4 {[%clk 01:32:19]} {[%emt 00:00:03]} Nf6
{[%clk 01:31:48]} {[%emt 00:00:06]} 5. Qe2 {[%clk 01:32:45]} {[%emt 00:00:03]}
Na6 {[%clk 01:31:44]} {[%emt 00:00:33]} 6. d3 {[%clk 01:32:13]} {[%emt
00:01:03]} Nxe4 {[%clk 01:29:32]} {[%emt 00:02:42]} 7. dxe4 {[%clk 01:31:56]}
{[%emt 00:00:47]} g6 {[%clk 01:28:01]} {[%emt 00:02:00]} 8. Qd2 {[%clk
01:29:11]} {[%emt 00:03:15]} Qxd2+ {[%clk 01:24:13]} {[%emt 00:04:18]} 9. Bxd2
{[%clk 01:29:36]} {[%emt 00:00:06]} Nc5 {[%clk 01:22:48]} {[%emt 00:01:55]} 10.
Bc3 {[%clk 01:22:15]} {[%emt 00:07:51]} Rg8 {[%clk 01:22:40]} {[%emt 00:00:37]}
11. Nd2 {[%clk 01:21:33]} {[%emt 00:01:12]} Bh6 {[%clk 01:14:29]} {[%emt
00:08:41]} 12. Bd3 {[%clk 01:13:11]} {[%emt 00:08:52]} Nxd3+ {[%clk 01:09:11]}
{[%emt 00:05:48]} 13. cxd3 {[%clk 01:13:37]} {[%emt 00:00:05]} b6 {[%clk
01:08:21]} {[%emt 00:01:21]} 14. Nc4 {[%clk 01:09:22]} {[%emt 00:04:44]} Ba6
{[%clk 01:04:24]} {[%emt 00:04:27]} 15. O-O {[%clk 01:08:27]} {[%emt 00:01:24]}
Bf4 {[%clk 00:56:52]} {[%emt 00:08:02]} 16. Rfd1 {[%clk 01:00:15]} {[%emt
00:08:43]} O-O-O {[%clk 00:56:17]} {[%emt 00:01:04]} 17. b3 {[%clk 00:57:57]}
{[%emt 00:02:48]} c5 {[%clk 00:52:32]} {[%emt 00:04:15]} 18. g3 {[%clk
00:54:51]} {[%emt 00:03:37]} Bc7 {[%clk 00:51:46]} {[%emt 00:01:16]} 19. Rac1
{[%clk 00:49:07]} {[%emt 00:06:13]} Rd7 {[%clk 00:45:40]} {[%emt 00:06:36]} 20.
Ba1 {[%clk 00:27:37]} {[%emt 00:22:01]} Rgd8 {[%clk 00:43:52]} {[%emt
00:02:17]} 21. d4 {[%clk 00:27:23]} {[%emt 00:00:44]} b5 {[%clk 00:33:37]}
{[%emt 00:10:46]} 22. Ne3 {[%clk 00:27:21]} {[%emt 00:00:32]} cxd4 {[%clk
00:32:20]} {[%emt 00:01:46]} 23. Nd5 {[%clk 00:27:45]} {[%emt 00:00:06]} Bb7
{[%clk 00:31:15]} {[%emt 00:01:35]} 24. Nxc7 {[%clk 00:26:59]} {[%emt
00:01:17]} Rxc7 {[%clk 00:31:44]} {[%emt 00:00:02]} 25. Rxc7+ {[%clk 00:27:23]}
{[%emt 00:00:06]} Kxc7 {[%clk 00:32:10]} {[%emt 00:00:04]} 26. Rxd4 {[%clk
00:27:47]} {[%emt 00:00:05]} Rxd4 {[%clk 00:31:33]} {[%emt 00:01:07]} 1/2-1/2

[Event "DEM U16 2025"]
[Site "Willingen GER"]
[Date "2025.06.12"]
[Round "7"]
[White "Herrmann, Jakob"]
[Black "Schwitkowski, Luka"]
[Result "1-0"]
[Termination "normal"]
[Board "6"]
[WhiteTitle "FM"]
[WhiteElo "2296"]
[BlackElo "2129"]
[WhiteClock "00:05:46"]
[BlackClock "00:03:03"]
[PlyCount "65"]
[WhiteFideId "16287169"]
[BlackFideId "34610669"]
[EventCountry "GER"]
[EventRounds "9"]
[EventType "swiss"]
[EventDate "2025.06.07"]

1. d4 {[%clk 01:30:56]} {[%emt 00:00:03]} d5 {[%clk 01:27:48]} {[%emt
00:03:13]} 2. c4 {[%clk 01:31:11]} {[%emt 00:00:15]} e6 {[%clk 01:26:41]}
{[%emt 00:01:37]} 3. Nf3 {[%clk 01:31:03]} {[%emt 00:00:37]} Nf6 {[%clk
01:26:15]} {[%emt 00:00:56]} 4. g3 {[%clk 01:31:26]} {[%emt 00:00:08]} Bb4+
{[%clk 01:25:30]} {[%emt 00:01:15]} 5. Nbd2 {[%clk 01:31:41]} {[%emt 00:00:14]}
dxc4 {[%clk 01:19:23]} {[%emt 00:06:38]} 6. Bg2 {[%clk 01:31:24]} {[%emt
00:00:47]} b5 {[%clk 01:16:39]} {[%emt 00:03:14]} 7. a4 {[%clk 01:26:37]}
{[%emt 00:05:17]} c6 {[%clk 01:15:55]} {[%emt 00:01:13]} 8. O-O {[%clk
01:26:50]} {[%emt 00:00:17]} Bb7 {[%clk 01:15:44]} {[%emt 00:00:41]} 9. axb5
{[%clk 01:20:23]} {[%emt 00:06:58]} cxb5 {[%clk 01:15:19]} {[%emt 00:00:54]}
10. Nxc4 {[%clk 01:20:27]} {[%emt 00:00:26]} O-O {[%clk 01:11:13]} {[%emt
00:04:37]} 11. Nce5 {[%clk 01:17:33]} {[%emt 00:03:24]} Nbd7 {[%clk 00:54:27]}
{[%emt 00:17:16]} 12. Nd3 {[%clk 01:09:14]} {[%emt 00:08:49]} Be7 {[%clk
00:50:23]} {[%emt 00:04:34]} 13. Re1 {[%clk 01:07:50]} {[%emt 00:01:54]} Qb6
{[%clk 00:45:51]} {[%emt 00:05:01]} 14. Be3 {[%clk 01:00:38]} {[%emt 00:07:43]}
Nd5 {[%clk 00:28:43]} {[%emt 00:17:38]} 15. Bd2 {[%clk 01:00:51]} {[%emt
00:00:17]} a5 {[%clk 00:28:39]} {[%emt 00:00:35]} 16. Nf4 {[%clk 00:33:14]}
{[%emt 00:28:07]} N7f6 {[%clk 00:22:21]} {[%emt 00:06:48]} 17. Nxd5 {[%clk
00:31:47]} {[%emt 00:01:56]} Bxd5 {[%clk 00:21:37]} {[%emt 00:01:15]} 18. Ne5
{[%clk 00:26:16]} {[%emt 00:06:01]} Bxg2 {[%clk 00:19:31]} {[%emt 00:02:35]}
19. Kxg2 {[%clk 00:26:13]} {[%emt 00:00:33]} Qxd4 {[%clk 00:18:57]} {[%emt
00:01:04]} 20. Bc3 {[%clk 00:24:04]} {[%emt 00:02:39]} Qb6 {[%clk 00:18:21]}
{[%emt 00:01:06]} 21. e4 {[%clk 00:21:29]} {[%emt 00:03:05]} Rfd8 {[%clk
00:16:11]} {[%emt 00:02:41]} 22. Qe2 {[%clk 00:21:23]} {[%emt 00:00:36]} b4
{[%clk 00:15:26]} {[%emt 00:01:15]} 23. Bd2 {[%clk 00:21:34]} {[%emt 00:00:20]}
a4 {[%clk 00:14:07]} {[%emt 00:01:49]} 24. Rec1 {[%clk 00:17:00]} {[%emt
00:05:03]} Bf8 {[%clk 00:05:55]} {[%emt 00:08:41]} 25. Bg5 {[%clk 00:12:40]}
{[%emt 00:04:51]} h6 {[%clk 00:05:07]} {[%emt 00:01:19]} 26. Bxf6 {[%clk
00:11:21]} {[%emt 00:01:48]} gxf6 {[%clk 00:05:36]} 27. Qg4+ {[%clk 00:11:43]}
{[%emt 00:00:08]} Bg7 {[%clk 00:06:01]} {[%emt 00:00:05]} 28. Nc6 {[%clk
00:10:52]} {[%emt 00:01:21]} Rd2 {[%clk 00:05:04]} {[%emt 00:01:27]} 29. Qf3
{[%clk 00:11:07]} {[%emt 00:00:16]} Rxb2 {[%clk 00:03:43]} {[%emt 00:01:50]}
30. e5 {[%clk 00:11:31]} {[%emt 00:00:06]} fxe5 {[%clk 00:03:00]} {[%emt
00:01:14]} 31. Ne7+ {[%clk 00:11:57]} {[%emt 00:00:03]} Kh7 {[%clk 00:02:58]}
{[%emt 00:00:32]} 32. Rab1 {[%clk 00:05:23]} {[%emt 00:07:04]} Rxb1 {[%clk
00:03:03]} {[%emt 00:00:26]} 33. Qxa8 {[%clk 00:05:46]} {[%emt 00:00:07]} 1-0